000
00302nam a22001337a 4500
082
_a
894.812.3
_b
KAV/A
100
_a
KAVILPAD,ABV
245
_a
ARABIAN HASYAKATHAKAL
250
_a
FIRST
260
_a
THRISSUR
_b
H&C PUBLISHING HOUSE
_c
1999
300
_a
64
650
_a
SHORT STORY
_z
KERALA
942
_c
BK
999
_c
1372
_d
1372